Normal view
MARC view
- Gamiet, Arshad
Entry Personal Name
001 - CONTROL NUMBER
- control field: 37220
003 - CONTROL NUMBER IDENTIFIER
- control field: NUST
005 - DATE AND TIME OF LATEST TRANSACTION
- control field: 20210314130224.0
008 - FIXED-LENGTH DATA ELEMENTS
- fixed length control field: 210314|| aca||aabn | a|a d
040 ## - CATALOGING SOURCE
- Original cataloging agency: NUST
- Transcribing agency: NUST
100 ## - HEADING--PERSONAL NAME
- Personal name: Gamiet, Arshad
670 ## - SOURCE DATA FOUND
- Source citation: Work cat.: (NUST): Denffer, Ahmad von, 37219, Islam for children /, 2007.
